000
00222nam a22001097a 4500
999
_c
166977
_d
166977
082
_a
_b
100
_a
Devaraj
245
_a
Dhusara sutra/
_c
by Devaraj.
260
_a
New Delhi:
_b
Rajpal,
_c
650
_a
942
_c
BK